LEADER 00993nam2-2200325li-450 001 990003337480203316 005 20180918155417.0 035 $a000333748 035 $aUSA01000333748 035 $a(ALEPH)000333748USA01 035 $a000333748 100 $a2002009101970-------y0itay0103----ba 101 0 $aeng 102 $aUS 200 1 $aFinite state markovian decision processes$fCyrus Derman 210 $aNew York$bAcademic Press$d1970 215 $aXII, 159 p.$bill.$d24 cm 225 2$aMathematics in science and engineering$v67 410 1 $1001000333593$12001$aMathematics in science and engineering$v67 606 0$aProcessi di Markov 676 $a519.282 700 1$aDERMAN,$bCyrus$0104051 801 $aIT$bsalbc$gISBD 912 $a990003337480203316 951 $a510 MSE (67)$b5060/CBS$c510$d00111290 959 $aBK 969 $aSCI 979 $aRSIAV6$b90$c20091021$lUSA01$h0830 996 $aFinite state markovian decision processes$9334158 997 $aUNISA LEADER 01237nam0 2200277 i 450 001 SUN0018883 005 20181122095631.67 010 $a01-218-2188-9 100 $a20040705d1997 |0engc50 ba 101 $aeng 102 $aGB 105 $a|||| ||||| 200 1 $aChemokines$fedited by Richard Horuk 210 $aSan Diego$cAcademic$dc1997 215 $axxxi, 421 p.$cill$d23 cm. 461 1$1001SUN0035886$12001 $a*Methods in enzymology$v287$1205 $aVol. 1(1955)-$1207 $aNew York : Academic, 1955-$1210 $avolumi$cill. ; 24 cm$1215 $aPeriodicitą irregolare 620 $dSan Diego$3SUNL000041 676 $a571.964$cImmunocitochimica$v22 702 1$aHoruk$b, Richard$3SUNV014963 712 $aAcademic$3SUNV000123$4650 801 $aIT$bSOL$c20181203$gRICA 912 $aSUN0018883 950 $aUFFICIO DI BIBLIOTECA DEL DIPARTIMENTO DI SCIENZE E TECNOLOGIE AMBIENTALI BIOLOGICHE E FARMACEUTICHE$d17CONS Bc1/287 $e17DSV415 20040721 $sBuono 950 $aUFFICIO DI BIBLIOTECA DEI DIPARTIMENTI DI AREA MEDICA$d12PERIO PI/17c $e12 13553 20100426 996 $aChemokines$981982 997 $aUNICAMPANIA LEADER 01702nam 2200553 450 001 9910818243803321 005 20200520144314.0 010 $a2-84433-174-2 035 $a(CKB)3710000000128402 035 $a(EBL)3399513 035 $a(SSID)ssj0001329883 035 $a(PQKBManifestationID)11736559 035 $a(PQKBTitleCode)TC0001329883 035 $a(PQKBWorkID)11329175 035 $a(PQKB)11301614 035 $a(MiAaPQ)EBC3399513 035 $a(Au-PeEL)EBL3399513 035 $a(CaPaEBR)ebr10879857 035 $a(OCoLC)923348726 035 $a(PPN)198665644 035 $a(EXLCZ)993710000000128402 100 $a20140623h20142014 uy 0 101 0 $afre 135 $aur|n|---||||| 181 $ctxt 182 $cc 183 $acr 200 04$aLes re?seaux fluviatiles anciens du plateau continental de Bretagne Sud /$fDavid Menier, Claude Augris, Ce?cile Briend, coordinateurs 210 1$aVersailles, France :$cE?ditions Quae,$d2014. 210 4$d©2014 215 $a1 online resource (107 p.) 300 $aDescription based upon print version of record. 311 $a2-84433-173-4 320 $aIncludes bibliographical references. 606 $aGeological mapping$zFrance 606 $aFluvial geomorphology$zFrance 615 0$aGeological mapping 615 0$aFluvial geomorphology 676 $a550.223 702 $aMenier$b David 702 $aAugris$b Claude 702 $aBriend$b Ce?cile 801 0$bMiAaPQ 801 1$bMiAaPQ 801 2$bMiAaPQ 906 $aBOOK 912 $a9910818243803321 996 $aLes re?seaux fluviatiles anciens du plateau continental de Bretagne Sud$93912774 997 $aUNINA